1629 1970 1921 1547 1183 1184 1152 1180 1779 1136 1899 1290 1979 1098 1151 1745 1068 1232 1042 1371 1838 1718 1903 1876 1750 1537 1533 1081 1161 1393 1749 1092 1854 1806 1102 1121 1733 1931 1738 1315 1818 1136 1680 1862 1398 1153 1394 1965 1569 1143 1948 1613 1104 1316 1349 1331 1484 1518 1686 1004 1634 1231 1402 1275 1967 1644 1684 1595 1800 1632 1542 1315 1429 1189 1212 1198 1351 1875 1626 1725 1569 1507 1625 1041 1013 1573 1635 1582 1721 1179 1966 1780 1808 1070 1804 1026 1164 1626 1635 BCNSPRNW ULIB Ver.6.0+V

เปลี่ยนเป็นภาษาไทย

Change to English
 แสดงรายละเอียดบรรณานุกรม
  กลับหน้าหลัก

Brief Record : Get Marc (ISO 2709) : E-mail record : QR code < ปิดหน้าต่าง
LEADER : 00000nam 2200000uu 4500
001    13399111929
003     ULIB
008    110627s2552||||th 000 0 tha d
020    9786117190124
090    นว.^bช564ล 2552
100 0  ชินณ์
245 00 ลิขิตรัก อาญาพิศวาส/^cชินณ์
250    พิมพ์ครั้งที่ 1
260    กรุงเทพฯ :^bอินเลิฟ,^c2552
300    330 หน้า
710 1  อินเลิฟ
945    ^p224^l0^i026483
995    ทศพร
999 ^a ใช้งานได้ทุกระบบ
รายการนี้ยังไม่มีแท็ก
คุณยังไม่ได้ล็อกอิน คุณสามารถมีกิจกรรมร่วมกับเว็บไซต์ได้ แต่ต้องล็อกอินก่อน ::
  ล็อกอิน

รายการสื่อสารสนเทศ

ลำดับที่ ประเภท เลขเรียก/บาร์โค้ด สถานที่ สถานะ
- ไม่พบข้อมูล -

BibComment


ยังไม่เคยถูกคอมเมนท์

คอมเมนท์ทรัพยากรรายการนี้
  คอมเมนท์: ลิขิตรัก อาญาพิศว..


 Copyright 2026. Bcnsprnw @Library